Pokemon - Les Starters - Statistiques

Statistiques générales
  • Ce quiz a été pris 313 fois
    303 depuis la dernière actualisation
  • Le résultat moyen est 51 sur 81
Statistiques - réponses
Région Nom % Correct
Kanto Carapuce
99%
Kanto Salamèche
99%
Kanto Bulbizarre
98%
Kanto Dracaufeu
97%
Kanto Florizarre
97%
Kanto Reptincel
97%
Kanto Tortank
97%
Kanto Carabaffe
96%
Kanto Herbizarre
96%
Hoenn Poussifeu
90%
Hoenn Arcko
87%
Johto Héricendre
86%
Johto Kaiminus
85%
Hoenn Braségali
83%
Hoenn Gobou
83%
Sinnoh Tiplouf
83%
Johto Germignon
81%
Sinnoh Ouisticram
80%
Sinnoh Simiabraz
80%
Sinnoh Tortipouss
80%
Johto Aligatueur
79%
Sinnoh Pingoléon
78%
Sinnoh Torterra
78%
Johto Typhlosion
78%
Unys Vipélierre
78%
Hoenn Jungko
75%
Kalos Grenousse
74%
Hoenn Galifeu
73%
Kalos Amphinobi
72%
Hoenn Massko
72%
Unys Gruikui
71%
Hoenn Laggron
71%
Johto Méganium
71%
Unys Moustillon
70%
Unys Roitiflam
70%
Sinnoh Chimpenfeu
69%
Unys Clamiral
69%
Johto Feurisson
69%
Sinnoh Prinplouf
66%
Unys Grotichon
65%
Kalos Feunnec
64%
Alola Brindibou
63%
Hoenn Flobio
63%
Alola Flamiaou
62%
Unys Lianaja
62%
Sinnoh Boskara
61%
Johto Crocodil
60%
Johto Macronium
60%
Kalos Marisson
60%
Alola Archéduc
58%
Alola Félinferno
58%
Alola Otaquin
56%
Unys Mateloutre
53%
Kalos Croâporal
51%
Alola Matoufeu
51%
Alola Oratoria
51%
Paldea Poussacha
50%
Alola Efflèche
49%
Paldea Chochodile
48%
Galar Pyrobut
48%
Kalos Blindépique
47%
Kalos Goupelin
45%
Galar Larméléon
45%
Kalos Roussil
45%
Galar Flambino
44%
Galar Ouistempo
43%
Kalos Boguérisse
40%
Paldea Coiffeton
40%
Alola Otarlette
40%
Galar Gorythmic
37%
Paldea Miascarade
34%
Paldea Flâmigator
33%
Galar Lapyro
33%
Galar Lézargus
33%
Unys Majespic
33%
Galar Badabouin
29%
Paldea Palmaval
29%
Paldea Crocogril
23%
Paldea Matourgeon
23%
Galar Arrozard
22%
Paldea Canarbello
22%
Aucun quiz correspondant
Distribution des résultats
% des personnes avec chaque résultat
Percentile par nombre de réponses
Votre historique - résultats
Vous n’avez pas pris ce quiz depuis la dernière actualisation